000 00725cam a22002533a 4500
001 13940
003 PGUSA
005 20140828083311.0
008 041103s2004||||xxu|||||s|||||000 | eng d
040 _aPGUSA
_beng
042 _adc
050 4 _aDS
100 1 _aRussell, Bertrand,
_d1872-1970
245 1 4 _aThe Problem of China
_h[electronic resource] /
_cBertrand Russell
260 _bProject Gutenberg,
_c2004
506 _aPublic domain in the USA.
516 _aElectronic text
653 _aChina -- Civilization
653 _aChina -- Foreign relations
653 _aChina -- Politics and government
830 0 _aProject Gutenberg
_v13940
856 4 0 _uhttp://www.gutenberg.org/ebooks/13940
942 _cEB
999 _c243195
_d243195